| 000 | 00461nam a2200145 i 4500 | ||
|---|---|---|---|
| 001 | 128316 | ||
| 003 | ES-MaACL | ||
| 005 | 20230906193230.0 | ||
| 007 | t| | ||
| 008 | 070629s1923 fr ||||1| fre d | ||
| 245 | 0 | 4 | _aLes personnages des Rougon-Macquart, pour servir a la lecture et a l'étude de l'oeuvre de Emile Zola. |
| 260 |
_aParis : _b[s.n.], _c1923 ( _fImpr. A. Davy & Fils Aine) |
||
| 300 |
_a478 p. ; _c19 cm. |
||
| 852 |
_aES-MaACL _jA-4681 _bR.16618 |
||
| 999 |
_c128316 _d128316 |
||